| 000 | 00434nam a22001697a 4500 | ||
|---|---|---|---|
| 003 | OSt | ||
| 005 | 20211116153705.0 | ||
| 008 | 211116b |||||||| |||| 00| 0 eng d | ||
| 020 | _a0070291659 | ||
| 040 |
_aHU _cDDC |
||
| 082 | _a346.7307/CON | ||
| 245 | _aContemporary business law principles and cases | ||
| 250 | _asecond edition | ||
| 260 |
_aNew York _bMcGraw-Hill _c1982 |
||
| 300 | _axxxii,1324p,32cm | ||
| 942 |
_2ddc _cBOOKS _n0 |
||
| 999 |
_c18547 _d18547 |
||